Every Language Available On Clozemaster - Statistics

General Stats
  • This quiz has been taken 5 times
  • The average score is 60 of 72
Answer Stats
Answer % Correct
Afrikaans
100%
Albanian
100%
Amharic
100%
Arabic
100%
Armenian
100%
Azerbaijani
100%
Bengali
100%
Bulgarian
100%
Cantonese
100%
Catalan
100%
Croatian
100%
Czech
100%
Danish
100%
Dutch
100%
English
100%
Estonian
100%
Finnish
100%
French
100%
Georgian
100%
German
100%
Greek
100%
Hindi
100%
Icelandic
100%
Indonesian
100%
Irish
100%
Italian
100%
Japanese
100%
Kazakh
100%
Korean
100%
Latin
100%
Latvian
100%
Lithuanian
100%
Mandarin
100%
Mandarin (Traditional)
100%
Norwegian (Bokmål)
100%
Polish
100%
Portuguese
100%
Romanian
100%
Russian
100%
Serbian
100%
Slovak
100%
Slovenian
100%
Spanish
100%
Swedish
100%
Tagalog
100%
Thai
100%
Turkish
100%
Ukrainian
100%
Vietnamese
100%
Basque
75%
Belarusian
75%
Galician
75%
Hebrew
75%
Hungarian
75%
Macedonian
75%
Scottish Gaelic
75%
Welsh
75%
Breton
50%
Cornish
50%
Esperanto
50%
Guarani
50%
Māori
50%
Nahuatl
50%
Occitan
50%
Piedmontese
50%
Swahili
50%
Yiddish
50%
Persian Farsi
25%
Interlingue
0%
Lojban
0%
North Frisian
0%
Toki Pona
0%
No matching quizzes found
Score Distribution
Percent of People with Each Score
Percentile by Number Answered
Your Score History
You have not taken this quiz